000 00420nam a22001457a 4500
999 _c7554
_d7552
005 20210310161236.0
008 210310b ||||| |||| 00| 0 eng d
082 _a346.066
100 _aAIYAR, A.N.
_96466
245 _aREPORTS OF COMPANY CASES INCLUDING CASES ON BANKING AND INSURENCE [VOL-39]
260 _aMADRAS
_bCOMPANY LAW INSTITUTE OF INDIA
_c1969
300 _aI-XVIII, P
650 _aLAW
_95701
942 _cJRL